00442nam a2200169Ia 4500008004100000082001600041082001400057100002300071245002300094260004900117260000700166300000700173600002300180630002300203700002300226730002300249151121s9999||||xx |||||||||||||| ||und|| a323।2/MAL bHNW-39026 aMalkani K। R। 4aThe Midnight Knock b"Vikas Pub। House Pvt। Ltd।, Delhi।" c-- a98 aMalkani K। R। aThe Midnight Knock aMalkani K। R। aThe Midnight Knock